书目信息 |
| 题名: |
非常道非常人
|
|
| 作者: | 刘子仲 编著 | |
| 分册: | ||
| 出版信息: | 北京 中国三峡出版社 2009 |
|
| 页数: | 221页 | |
| 开本: | 24cm | |
| 丛书名: | ||
| 单 册: | ||
| 中图分类: | K820.2 | |
| 科图分类: | ||
| 主题词: | 隐士--生平事迹--中国--古代 , 隐士 | |
| 电子资源: | ||
| ISBN: | 978-7-80223-507-6 | |
| 000 | 00919nam0 2200253 45 | |
| 001 | 1029978710 | |
| 005 | 20100429091232.68 | |
| 010 | @a978-7-80223-507-6@dCNY29.00 | |
| 100 | @a20100420d2009 em y0chiy50 ea | |
| 101 | 0 | @achi |
| 102 | @aCN@b110000 | |
| 105 | @ay z 000yd | |
| 106 | @ar | |
| 200 | 1 | @a非常道非常人@AFei Chang Dao Fei Chang Ren@e历史中隐士的处世经典方略@ELi Shi Zhong Yin Shi De Chu Shi Jing Dian Fang Lue@f刘子仲编著@FLiu Zi Zhong Bian Zhu |
| 210 | @a北京@c中国三峡出版社@d2009 | |
| 215 | @a221页@d24cm | |
| 330 | @a本书介绍了中国古代鬼谷子、庄周、欧阳修等隐士们的生平事迹及他们对生活、处世的态度。 | |
| 517 | 1 | @a历史中隐士的处世经典方略@ALi Shi Zhong Yin Shi De Chu Shi Jing Dian Fang Lue |
| 606 | 0 | @a隐士@x生平事迹@y中国@z古代 |
| 606 | 0 | @a隐士 |
| 690 | @aK820.2@v4 | |
| 701 | 0 | @a刘子仲@ALiu Zi Zhong@4编著 |
| 801 | 0 | @aCN@bTANGWEI@c20100429 |
| 905 | @b0595211-15@dK820.2@e120@f5 | |
| 非常道非常人:历史中隐士的处世经典方略/刘子仲编著.-北京:中国三峡出版社,2009 |
| 221页;24cm |
| ISBN 978-7-80223-507-6:CNY29.00 |
| 本书介绍了中国古代鬼谷子、庄周、欧阳修等隐士们的生平事迹及他们对生活、处世的态度。 |
| ● |
| 相关链接 |
|
|
|
|
正题名:非常道非常人
索取号:K820.2/120
 
预约/预借
| 序号 | 登录号 | 条形码 | 馆藏地/架位号 | 状态 | 备注 |
| 1 | 0595211 | 205952110 | 第二样本阅览室/ [索取号:K820.2/120] | 在馆 | |
| 2 | 0595212 | 205952129 | 第二借阅区/ [索取号:K820.2/120] | 在馆 | |
| 3 | 0595213 | 205952138 | 第二借阅区/ [索取号:K820.2/120] | 在馆 | |
| 4 | 0595214 | 205952147 | 第二借阅区/ [索取号:K820.2/120] | 在馆 | |
| 5 | 0595215 | 205952156 | 第二借阅区/ [索取号:K820.2/120] | 在馆 |